000 00384 a2200145 4500
001 168681
020 _a
040 _cMagnum
100 _aAgencia Regional de Noticias
240 1 0 _aClipping em educacao - 25/09/00 a 01/10/00 - ano ii - nº 58
_lpor
245 1 0 _aClipping em educacao - 25/09/00 a 01/10/00 - ano ii - nº 58
362 0 _a1899
697 _aENSINO
942 _cBK
999 _c168681
_d168681